|
|
|
|
| LEADER |
00578nam a2200121Ia 4500 |
| 001 |
122811 |
| 008 |
170722s9999 xx 000 0 und d |
| 100 |
|
|
|a Neelakanta Sarma, Punnasseei Nambi
|
| 245 |
|
|
|a Prashnamargham- Poorvardham&Uttarardham /
|
| 942 |
|
|
|c GEN
|
| 999 |
|
|
|c 32053
|d 32053
|
| 952 |
|
|
|0 0
|1 0
|4 0
|6 Δ_2864_32G03_1G03_2_000000000000000_CR
|7 0
|9 40752
|a LIB
|b LIB
|d 2017-08-12
|o Δ2:864 32G03.1-G03.2 (CR)
|p 17016
|r 2017-08-12
|w 2017-08-12
|y GEN
|
| 952 |
|
|
|0 0
|1 0
|4 0
|6 Δ_2864_32G03_1G03_2_000000000000000_CR
|7 0
|9 40753
|a LIB
|b LIB
|d 2017-08-12
|o Δ2:864 32G03.1-G03.2 (CR)
|p 17017
|r 2017-08-12
|w 2017-08-12
|y GEN
|